| 000 | 00670nam a22002177a 4500 | ||
|---|---|---|---|
| 001 | 47765 | ||
| 003 | UA-OsUOA | ||
| 005 | 20210426170345.0 | ||
| 007 | ta | ||
| 008 | 20070820b un ||||| |||| 00| 0 ukr d | ||
| 040 |
_aUA-OsUOA _brus _cUA-OsUOA _dUA-OsUOA |
||
| 041 | _arus | ||
| 080 | _a82.09(477) | ||
| 090 | _a82.09(477) | ||
| 245 |
_aИван Франко и мировая культура _bтезисы докладов международного симпозиума |
||
| 260 |
_aК. _bНаукова думка _c1986 |
||
| 300 | _a245 с. | ||
| 650 | 7 |
_a82 Література. Літературознавство _2UDC |
|
| 942 |
_cBK _2udc |
||
| 955 | _a1 | ||
| 999 |
_c333870 _d333870 |
||